[Event "Berlin-ch Seniors op 34th"]
[Site "Berlin"]
[Date "2018.01.31"]
[Round "2"]
[White "Vandre, Wolfgang"]
[Black "Lohse, Steffen"]
[Result "0-1"]
[WhiteElo "2144"]
[BlackElo "1863"]
[PlyCount "64"]
[EventDate "2018.01.30"]
[EventType "swiss"]
[EventRounds "9"]
[EventCountry "GER"]
[SourceTitle "EXT 2020"]
[Source "ChessBase"]
[SourceDate "2019.10.17"]
[SourceVersion "1"]
[SourceVersionDate "2019.10.17"]
[SourceQuality "1"]

1. d4 e6 2. c4 f5 3. Nc3 Nf6 4. Nf3 Be7 5. Bf4 0-0 6. Qc2 c6 7. e3 Nh5 8. Bxb8 Rxb8 9. Bd3 Nf6 10. d5 Bb4 11. dxe6 dxe6 12. 0-0 Qe8 13. Ne2 Bd6 14. Rfd1 Bc7 15. Ng3 Bxg3 16. hxg3 Qh5 17. Ne5 Qe8 18. c5 Nd7 19. Nc4 Nf6 20. a3 b5 21. Ne5 Bb7 22. Be2 Nd5 23. Rd4 Rd8 24. Rad1 Qe7 25. b4 Qf6 26. Nf3 g5 27. e4 e5 28. R4d2 fxe4 29. Qxe4 Nc3 30. Qc2 Nxd1 31. Rxd1 Rxd1+ 32. Qxd1 e4 0-1

[Event "Berlin-ch Seniors op 33rd"]
[Site "Berlin"]
[Date "2017.01.31"]
[Round "1"]
[White "Lohse, Steffen"]
[Black "Toth, Hans Juergen"]
[Result "1/2-1/2"]
[WhiteElo "1865"]
[BlackElo "1584"]
[PlyCount "92"]
[EventDate "2017.01.31"]
[EventType "swiss"]
[EventRounds "9"]
[EventCountry "GER"]
[SourceTitle "EXT 2019"]
[Source "ChessBase"]
[SourceDate "2018.10.10"]
[SourceVersion "1"]
[SourceVersionDate "2018.10.10"]
[SourceQuality "1"]

1. d4 f5 2. Bg5 h6 3. Bf4 Nf6 4. e3 d5 5. h3 e6 6. Nf3 Nbd7 7. Bd3 c5 8. c3 c4 9. Bc2 Qb6 10. b4 Bd6 11. Ne5 0-0 12. Nd2 Ne4 13. Nxe4 fxe4 14. Ng6 Rf7 15. 0-0 Nf6 16. Be5 Bd7 17. f4 Be8 18. Qe2 Qd8 19. Bxd6 Qxd6 20. Ne5 Rc7 21. Qf2 Nd7 22. Ba4 Nxe5 23. fxe5 Qe7 24. Bxe8 Rxe8 25. Qg3 Rf8 26. Rxf8+ Qxf8 27. Rf1 Rf7 28. Rxf7 Qxf7 29. Qh4 Qe8 30. Qg4 Qf7 31. Qh4 Qe8 32. Qf4 Qf7 33. g3 g5 34. Qg4 Kg7 35. h4 Qf5 36. Qxf5 exf5 37. hxg5 hxg5 38. Kg2 g4 39. Kf2 Kf7 40. a4 Ke7 41. Ke2 a6 42. a5 Kd7 43. Kd2 Kc6 44. Kc2 Kd7 45. Kb2 Kc6 46. Kc2 Kd7 1/2-1/2

[Event "Berlin-ch Seniors op 32nd"]
[Site "Berlin"]
[Date "2016.02.02"]
[Round "7"]
[White "Lohse, Steffen"]
[Black "Keusch, Horst"]
[Result "0-1"]
[WhiteElo "1876"]
[BlackElo "2023"]
[PlyCount "114"]
[EventDate "2016.01.26"]
[EventType "swiss"]
[EventRounds "9"]
[EventCountry "GER"]
[SourceTitle "EXT 2019"]
[Source "ChessBase"]
[SourceDate "2018.10.10"]
[SourceVersion "1"]
[SourceVersionDate "2018.10.10"]
[SourceQuality "1"]

1. d4 f5 2. Bg5 g6 3. Nd2 d5 4. e3 Bg7 5. f4 Nf6 6. Bd3 Ne4 7. Bh4 Bf6 8. Bxf6 exf6 9. Ngf3 0-0 10. 0-0 c6 11. c4 Be6 12. Qb3 Qe7 13. Rac1 Kh8 14. cxd5 Bxd5 15. Bc4 Rd8 16. Bxd5 Rxd5 17. Nxe4 fxe4 18. Nd2 Na6 19. a3 Re8 20. Rc4 Rb5 21. Qc2 Rh5 22. Rf2 Rd5 23. b4 Nc7 24. a4 a6 25. Nb3 Rh5 26. g3 Nd5 27. Qd2 Nb6 28. Rc5 Rd5 29. Qa2 Rdd8 30. Rfc2 Rd6 31. Nd2 Rd5 32. Qb3 Rxc5 33. bxc5 Nc4 34. Nxc4 Rb8 35. Rb2 Qd7 36. Qc2 Qg4 37. Qxe4 Qd1+ 38. Kf2 Qxa4 39. Qc2 Qa1 40. Qb1 Qa4 41. Nb6 Qa5 42. Nd5 cxd5 43. Ra2 Qc3 44. Rxa6 Re8 45. Ra2 Qxe3+ 46. Kg2 Qxd4 47. Rc2 Qe4+ 48. Kf2 d4 49. Qd1 d3 50. Rd2 Qd4+ 51. Kf1 Re3 52. Qc1 Qe4 53. Qd1 Kg7 54. Kf2 h5 55. h4 Kf8 56. Qb3 Qf3+ 57. Kg1 Re1+ 0-1

[Event "Berlin-ch Seniors op 31st"]
[Site "Berlin"]
[Date "2015.01.30"]
[Round "2"]
[White "Lohse, Steffen"]
[Black "Kranch, Klaus"]
[Result "1/2-1/2"]
[WhiteElo "1906"]
[BlackElo "1599"]
[PlyCount "41"]
[EventDate "2015.01.29"]
[EventType "swiss"]
[EventRounds "9"]
[EventCountry "GER"]
[SourceTitle "EXT 2018"]
[Source "ChessBase"]
[SourceDate "2017.10.13"]
[SourceVersion "1"]
[SourceVersionDate "2017.10.13"]
[SourceQuality "1"]

1. d4 d5 2. e3 Nf6 3. f4 Nbd7 4. Bd3 Ne4 5. Nf3 Ndf6 6. Nbd2 Bg4 7. 0-0 e6 8. Qe1 Bd6 9. Ne5 Nxd2 10. Bxd2 Bf5 11. Bb4 Ne4 12. Bxd6 Nxd6 13. Qg3 Qf6 14. Qe1 h5 15. h4 c6 16. Nf3 Ne4 17. Ng5 Qe7 18. Nxe4 dxe4 19. Be2 Bg4 20. Bxg4 hxg4 21. g3 1/2-1/2

[Event "Berlin-ch Seniors op 30th"]
[Site "Berlin"]
[Date "2014.01.30"]
[Round "1"]
[White "Lohse, Steffen"]
[Black "Schweitzer, Paul"]
[Result "1/2-1/2"]
[WhiteElo "1902"]
[BlackElo "1563"]
[PlyCount "120"]
[EventDate "2014.01.30"]
[EventType "swiss"]
[EventRounds "9"]
[EventCountry "GER"]
[SourceTitle "EXT 2018"]
[Source "ChessBase"]
[SourceDate "2017.10.13"]
[SourceVersion "1"]
[SourceVersionDate "2017.10.13"]
[SourceQuality "1"]

1. d4 d5 2. e3 Nc6 3. f4 Nf6 4. c3 h5 5. Nf3 Bg4 6. Nbd2 e6 7. Qa4 Bd6 8. Ne5 0-0 9. Bd3 Bxe5 10. fxe5 Nd7 11. 0-0 g6 12. Nf3 Bf5 13. Qc2 Na5 14. e4 dxe4 15. Bxe4 c5 16. Bxf5 exf5 17. Bg5 Qb6 18. b3 cxd4 19. cxd4 Rac8 20. Qd2 Nc6 21. Be3 Qa5 22. Qb2 Ne7 23. Rfc1 Nd5 24. Bd2 Qb6 25. Kh1 Qa6 26. Bh6 Rfe8 27. Qd2 f4 28. Bxf4 Nxf4 29. Qxf4 Qd3 30. Qd2 Qe4 31. Re1 Qd5 32. Rac1 Rc6 33. Rxc6 bxc6 34. h3 a5 35. Qc3 Rb8 36. Rc1 a4 37. Qxc6 Qxc6 38. Rxc6 axb3 39. axb3 Rxb3 40. Rc7 Rb1+ 41. Kh2 Nf8 42. Rc2 Rb5 43. Kg3 Ne6 44. Kf2 g5 45. g3 Rd5 46. Ke3 Ra5 47. Rd2 g4 48. hxg4 hxg4 49. Nh2 Ng7 50. Nxg4 Ra3+ 51. Kf2 Nf5 52. Nf6+ Kg7 53. Ne4 Rb3 54. g4 Nh4 55. d5 Nf3 56. Rd1 Nxe5 57. d6 Nxg4+ 58. Kg1 Ne5 59. d7 Nxd7 60. Rxd7 Re3 1/2-1/2

[Event "Berlin Lichtenberger op 12th"]
[Site "Berlin"]
[Date "2013.08.23"]
[Round "7"]
[White "Lohse, Steffen"]
[Black "Lehmann, Tornalf"]
[Result "1-0"]
[WhiteElo "1897"]
[BlackElo "1680"]
[PlyCount "105"]
[EventDate "2013.08.17"]
[EventType "swiss"]
[EventRounds "9"]
[EventCountry "GER"]
[SourceTitle "CBM 156 Extra"]
[Source "ChessBase"]
[SourceDate "2013.10.22"]
[SourceVersion "1"]
[SourceVersionDate "2013.10.22"]
[SourceQuality "1"]

1. d4 Nf6 2. Bg5 c5 3. Bxf6 gxf6 4. c3 Qb6 5. Qd2 Nc6 6. e3 cxd4 7. cxd4 d5 8. Nc3 e6 9. Rc1 Bd7 10. Nf3 Bh6 11. Na4 Qd8 12. Nc5 Qb6 13. Rc3 Bc8 14. Be2 a6 15. 0-0 Bf8 16. Rfc1 Bxc5 17. Rxc5 0-0 18. a3 Bd7 19. b4 Rfc8 20. Bd3 Ne7 21. Qe2 Qd8 22. e4 Rxc5 23. dxc5 dxe4 24. Qxe4 Ng6 25. Qxb7 Bb5 26. Bxb5 axb5 27. Qxb5 Rxa3 28. Qe2 Rb3 29. b5 Nf4 30. Qc4 Rc3 31. Qxf4 Rxc5 32. g3 Rxb5 33. Qc4 Rb8 34. Qc7 Qf8 35. Qf4 Kg7 36. Rc7 Rb4 37. Qd2 Rb1+ 38. Kg2 Rb3 39. Qd7 e5 40. Qg4+ Kh6 41. Rc8 Qg7 42. Qh3+ Kg6 43. Nh4+ Kg5 44. Rc4 h5 45. Nf5 Qf8 46. Ra4 Rb2 47. Ne3 Qe7 48. Qf5+ Kh6 49. Rh4 Qb7+ 50. Kh3 Kg7 51. Rxh5 Kf8 52. Qxf6 Qd7+ 53. Nf5 1-0

[Event "Berlin Lichtenberger op 11th"]
[Site "Berlin"]
[Date "2012.08.22"]
[Round "5"]
[White "Lohse, Steffen"]
[Black "Scheide, Helmut"]
[Result "1/2-1/2"]
[WhiteElo "1928"]
[BlackElo "1998"]
[PlyCount "153"]
[EventDate "2012.08.18"]
[EventType "swiss"]
[EventRounds "9"]
[EventCountry "GER"]
[SourceTitle "CBM 150 Extra"]
[Source "ChessBase"]
[SourceDate "2012.10.19"]
[SourceVersion "1"]
[SourceVersionDate "2012.10.19"]
[SourceQuality "1"]

1. d4 Nf6 2. Bg5 c6 3. c3 Ne4 4. Bf4 Qb6 5. Qb3 d5 6. f3 Nf6 7. Nd2 Nbd7 8. e4 g6 9. e5 Nh5 10. Be3 Ng7 11. Bd3 Nxe5 12. Bc2 Qxb3 13. axb3 Nd7 14. g4 a6 15. f4 Nf6 16. h3 e6 17. b4 Bd6 18. Ngf3 Nd7 19. 0-0-0 Nb6 20. Ne5 f6 21. Nd3 a5 22. bxa5 Rxa5 23. b4 Ra8 24. Kb2 0-0 25. Ra1 Bd7 26. Kb3 Rxa1 27. Rxa1 Ra8 28. Rxa8+ Nxa8 29. c4 dxc4+ 30. Nxc4 Bc7 31. Nc5 Bc8 32. Be4 Ne8 33. Bf3 Nb6 34. Nxb6 Bxb6 35. Na4 Ba7 36. Nc5 Nd6 37. Kc3 Kf7 38. Kd3 b6 39. Nb3 Ba6+ 40. Kc3 Bb5 41. Nd2 Ke7 42. h4 f5 43. g5 Bb8 44. Bg2 Kd7 45. Bf3 Bc7 46. Bg2 Be2 47. Bh1 Ne8 48. Nc4 Bxc4 49. Kxc4 Bd6 50. Bf3 Nc7 51. Bd2 b5+ 52. Kd3 Na8 53. Kc3 Nb6 54. Kd3 Bc7 55. Bg2 Kd6 56. Bf3 Nd5 57. Bg2 Nb6 58. Kc3 Nc8 59. Kd3 Kd7 60. Kc3 Nd6 61. Bc1 Ne8 62. Bd2 Ng7 63. Bf3 Nh5 64. Bxh5 gxh5 65. Bc1 Kd6 66. Be3 Kd5 67. Kd3 Bb8 68. Bc1 Ba7 69. Be3 Bb6 70. Bf2 Bc7 71. Be3 Bd8 72. Bf2 Be7 73. Be1 Bf8 74. Bc3 Bg7 75. Bb2 Bf8 76. Bc3 Bd6 77. Bd2 1/2-1/2

[Event "Berlin Hellersdorf Winter 5th"]
[Site "Berlin"]
[Date "2008.02.03"]
[Round "4.9"]
[White "Lohse, Steffen"]
[Black "Sondermann, Johannes"]
[Result "0-1"]
[WhiteElo "1928"]
[BlackElo "2171"]
[PlyCount "92"]
[EventDate "2008.02.01"]
[EventType "swiss"]
[EventRounds "5"]
[EventCountry "GER"]
[SourceTitle "EXT 2022"]
[Source "ChessBase"]
[SourceDate "2021.10.06"]
[SourceVersion "1"]
[SourceVersionDate "2021.10.06"]
[SourceQuality "1"]

1. d4 Nf6 2. Bf4 c5 3. e3 Nd5 4. Bg3 Qb6 5. b3 Nc6 6. Nf3 g6 7. Bc4 Qa5+ 8. Qd2 Qxd2+ 9. Kxd2 Nf6 10. c3 Ne4+ 11. Kc2 d6 12. Nbd2 Nxg3 13. hxg3 e6 14. Ng5 h6 15. f4 Bg7 16. Ngf3 b6 17. Bd3 Ke7 18. a4 Bb7 19. Be2 Rac8 20. Kb2 Na5 21. Nc4 Nxc4+ 22. Bxc4 a6 23. Rhg1 Ra8 24. Nd2 Bc6 25. Be2 b5 26. axb5 axb5 27. Bf3 Kd7 28. Bxc6+ Kxc6 29. Ne4 f5 30. Nd2 b4 31. Nf3 bxc3+ 32. Kxc3 Kd5 33. Kd3 Rxa1 34. Rxa1 Rb8 35. Ra3 Rxb3+ 36. Rxb3 c4+ 37. Kc3 cxb3 38. Nd2 Bf6 39. Kxb3 Bd8 40. Kc3 Ba5+ 41. Kd3 Bxd2 42. Kxd2 Kc4 43. Kc2 d5 44. Kd2 Kb3 45. Kd3 h5 46. Kd2 Kb2 0-1

[Event "Berlin Hellersdorf Winter 5th"]
[Site "Berlin"]
[Date "2008.02.02"]
[Round "2.7"]
[White "Lohse, Steffen"]
[Black "Welz, Peter"]
[Result "0-1"]
[WhiteElo "1928"]
[BlackElo "2210"]
[PlyCount "110"]
[EventDate "2008.02.01"]
[EventType "swiss"]
[EventRounds "5"]
[EventCountry "GER"]
[SourceTitle "EXT 2022"]
[Source "ChessBase"]
[SourceDate "2021.10.06"]
[SourceVersion "1"]
[SourceVersionDate "2021.10.06"]
[SourceQuality "1"]

1. d4 f5 2. Bf4 Nf6 3. e3 g6 4. h4 Bg7 5. h5 Nxh5 6. Rxh5 gxh5 7. Qxh5+ Kf8 8. Qxf5+ Kg8 9. Bc4+ e6 10. Qg4 Nc6 11. a3 d5 12. Bg5 Qe8 13. Bd3 e5 14. Bf5 Bxf5 15. Qxf5 Qf7 16. Qxf7+ Kxf7 17. dxe5 Bxe5 18. c3 Rag8 19. Nf3 h6 20. Bh4 Rxg2 21. Nbd2 Rg4 22. Ke2 Bd6 23. Rd1 Ne7 24. Bxe7 Kxe7 25. Nb3 c6 26. Nbd4 h5 27. Rh1 c5 28. Nf5+ Ke6 29. N3h4 b5 30. f3 Rg5 31. Nxd6 Kxd6 32. f4 Rgg8 33. Kf3 a5 34. Rd1 Kc6 35. Nf5 Rh7 36. Rh1 b4 37. axb4 axb4 38. cxb4 cxb4 39. Nd4+ Kb6 40. Rc1 h4 41. Rc6+ Kb7 42. Rc1 Rg3+ 43. Kf2 Rh3 44. Nf3 Rc7 45. Rxc7+ Kxc7 46. b3 Kd6 47. Kg2 Rg3+ 48. Kf2 Rg4 49. Ne5 Rg7 50. Nf3 h3 51. Ng5 h2 52. Kg2 Rc7 53. Kxh2 Rc3 54. e4 dxe4 55. Nxe4+ Kd5 0-1

[Event "Berlin Unicorn op"]
[Site "Berlin"]
[Date "2007.05.19"]
[Round "6"]
[White "Lohse, Steffen"]
[Black "Avis, Christophe"]
[Result "1-0"]
[WhiteElo "1918"]
[BlackElo "1648"]
[PlyCount "119"]
[EventDate "2007.05.16"]
[EventType "swiss"]
[EventRounds "7"]
[EventCountry "GER"]
[SourceTitle "CBM 118 Extra"]
[Source "ChessBase"]
[SourceDate "2007.07.04"]
[SourceVersion "1"]
[SourceVersionDate "2007.07.04"]
[SourceQuality "1"]

1. d4 d5 2. e3 Nf6 3. Bd3 e6 4. Nd2 Be7 5. f4 c5 6. c3 Nc6 7. Ngf3 cxd4 8. exd4 Qb6 9. Ne5 Nd7 10. Ndf3 f6 11. Nxc6 bxc6 12. Qe2 c5 13. 0-0 Nb8 14. Re1 Nc6 15. Be3 c4 16. Bb1 Rb8 17. Bc1 0-0 18. Qc2 f5 19. Kh1 h6 20. Ne5 Nxe5 21. fxe5 h5 22. Qe2 g6 23. h3 Bh4 24. Rf1 Qd8 25. Be3 Rf7 26. g4 hxg4 27. hxg4 Rh7 28. Kg2 Bg5 29. Bc2 Bxe3 30. Qxe3 Rxb2 31. Rf2 Qh4 32. Qg3 Qxg3+ 33. Kxg3 Rhb7 34. Rh2 Rh7 35. Rg2 Kf8 36. Kf4 Kf7 37. a4 Rh3 38. Rag1 Rxc3 39. gxf5 gxf5 40. Rg7+ Ke8 41. Rg8+ Kd7 42. R1g7+ Kc6 43. Rxc8+ Kb6 44. Rb8+ Ka6 45. Rxb2 Rh3 46. Rbb7 Rh4+ 47. Kg5 Rxd4 48. Rxa7+ Kb6 49. a5+ Kc5 50. Rab7 Rd2 51. Ba4 Ra2 52. Rgc7+ Kd4 53. Rb4 Kxe5 54. Kg6 Rg2+ 55. Kf7 f4 56. Kf8 f3 57. a6 Rh2 58. Rf7 f2 59. a7 Rh8+ 60. Kg7 1-0

[Event "Berlin Unicorn op"]
[Site "Berlin"]
[Date "2007.05.16"]
[Round "1"]
[White "Sabrowski, Uwe"]
[Black "Lohse, Steffen"]
[Result "1-0"]
[WhiteElo "2129"]
[BlackElo "1918"]
[PlyCount "49"]
[EventDate "2007.05.16"]
[EventType "swiss"]
[EventRounds "7"]
[EventCountry "GER"]
[SourceTitle "CBM 118 Extra"]
[Source "ChessBase"]
[SourceDate "2007.07.04"]
[SourceVersion "1"]
[SourceVersionDate "2007.07.04"]
[SourceQuality "1"]

1. d4 d5 2. c4 e6 3. Nc3 f5 4. cxd5 exd5 5. e4 Nf6 6. e5 Ne4 7. Nge2 Be7 8. Nf4 0-0 9. Nfxd5 c5 10. Bc4 Kh8 11. 0-0 cxd4 12. Nxe4 fxe4 13. Qxd4 Bf5 14. Qc3 Nc6 15. b4 Bg5 16. b5 Bxc1 17. Raxc1 Ne7 18. Ne3 Bg6 19. Qb4 Rc8 20. Be6 Rxc1 21. Rxc1 h6 22. Qd6 Kh7 23. g4 Qe8 24. Rc7 Ng8 25. Rc8 1-0

[Event "Berlin Lichtenberger op 6th"]
[Site "Berlin"]
[Date "2007.??.??"]
[Round "?"]
[White "Schildt, Rene"]
[Black "Lohse, Steffen"]
[Result "1-0"]
[WhiteElo "2030"]
[BlackElo "1918"]
[PlyCount "41"]
[EventDate "2007.08.18"]
[EventType "swiss"]
[EventRounds "9"]
[EventCountry "GER"]
[SourceTitle "CBM 120 Extra"]
[Source "ChessBase"]
[SourceDate "2007.11.01"]
[SourceVersion "1"]
[SourceVersionDate "2007.11.01"]
[SourceQuality "1"]

1. e4 d5 2. exd5 Qxd5 3. Nc3 Qa5 4. d4 c6 5. Nf3 Nf6 6. Ne5 Be6 7. Bd2 Qc7 8. Bf4 Qa5 9. Qd2 Nbd7 10. Be2 Nd5 11. Nc4 Qd8 12. Bg3 Nxc3 13. Qxc3 Bd5 14. 0-0 Bxc4 15. Bxc4 e6 16. Rfe1 Nf6 17. Qb3 Qb6 18. Bxe6 fxe6 19. Qxe6+ Kd8 20. Bh4 Kc7 21. Bxf6 1-0

[Event "Berlin op 08"]
[Site "Berlin"]
[Date "2006.08.25"]
[Round "7"]
[White "Kornrumpf, Joachim"]
[Black "Lohse, Steffen"]
[Result "1/2-1/2"]
[WhiteElo "2020"]
[BlackElo "1708"]
[PlyCount "50"]
[EventDate "2006.08.19"]
[EventType "swiss"]
[EventRounds "9"]
[EventCountry "GER"]
[SourceTitle "EXT 2007"]
[Source "ChessBase"]
[SourceDate "2006.11.23"]
[SourceVersion "1"]
[SourceVersionDate "2006.11.23"]
[SourceQuality "1"]

1. Nf3 d5 2. b3 f5 3. e3 Nf6 4. c4 e6 5. Bb2 Bd6 6. Qc2 0-0 7. Be2 c6 8. 0-0 Qe7 9. d4 Nbd7 10. Nbd2 Ne4 11. Ne5 Rf6 12. Nxe4 fxe4 13. f4 Ba3 14. Bc3 Bb4 15. Bxb4 Qxb4 16. c5 Qa5 17. a3 Qd8 18. b4 a6 19. a4 Nxe5 20. fxe5 Rxf1+ 21. Rxf1 Bd7 22. Bh5 Be8 23. Bg4 Bd7 24. Be2 Qg5 25. Qb3 Rf8 1/2-1/2

[Event "Berlin op 08"]
[Site "Berlin"]
[Date "2006.08.20"]
[Round "2"]
[White "Lohse, Steffen"]
[Black "Manske, Henry"]
[Result "0-1"]
[WhiteElo "1708"]
[BlackElo "1507"]
[PlyCount "58"]
[EventDate "2006.08.19"]
[EventType "swiss"]
[EventRounds "9"]
[EventCountry "GER"]
[SourceTitle "EXT 2007"]
[Source "ChessBase"]
[SourceDate "2006.11.23"]
[SourceVersion "1"]
[SourceVersionDate "2006.11.23"]
[SourceQuality "1"]

1. d4 d6 2. Bg5 g6 3. f4 Bg7 4. Nf3 f5 5. e3 Nd7 6. c3 Ngf6 7. Bc4 Nb6 8. Bb3 Bd7 9. Qe2 Rc8 10. Nbd2 c5 11. 0-0 a6 12. e4 fxe4 13. Bxf6 exf3 14. Qxf3 Bxf6 15. dxc5 dxc5 16. Ne4 c4 17. Nxf6+ exf6 18. Rfe1+ Kf7 19. Bc2 Bc6 20. Qf2 Nd5 21. Rad1 Qb6 22. Rd4 Rhe8 23. Kf1 Rxe1+ 24. Kxe1 Re8+ 25. Kd1 Ne3+ 26. Kc1 Qb5 27. Rd6 Qh5 28. h3 Nxc2 29. Qxc2 Re1+ 0-1

[Event "Berlin Lichtenberger op 5th"]
[Site "Berlin"]
[Date "2006.08.19"]
[Round "1"]
[White "Fruebing, Thomas"]
[Black "Lohse, Steffen"]
[Result "1-0"]
[WhiteElo "2247"]
[BlackElo "1918"]
[PlyCount "23"]
[EventDate "2006.08.19"]
[EventType "swiss"]
[EventRounds "9"]
[EventCountry "GER"]
[SourceTitle "CBM 113 Extra"]
[Source "ChessBase"]
[SourceDate "2006.09.14"]
[SourceVersion "1"]
[SourceVersionDate "2006.09.14"]
[SourceQuality "1"]

1. e4 d5 2. e5 Bf5 3. Nf3 e6 4. d4 h6 5. a3 c5 6. Bb5+ Nc6 7. 0-0 Qb6 8. c4 dxc4 9. Qa4 cxd4 10. Nxd4 Be4 11. Be3 a6 12. Nxe6 1-0

[Event "Berlin Unicorn op"]
[Site "Berlin"]
[Date "2005.05.07"]
[Round "6"]
[White "Lohse, Steffen"]
[Black "Pueschel, Werner"]
[Result "0-1"]
[WhiteElo "1943"]
[BlackElo "2183"]
[PlyCount "38"]
[EventDate "2005.05.04"]
[EventType "swiss"]
[EventRounds "7"]
[EventCountry "GER"]
[SourceTitle "CBM 106 Extra"]
[Source "ChessBase"]
[SourceDate "2005.07.01"]
[SourceVersion "1"]
[SourceVersionDate "2005.07.01"]
[SourceQuality "1"]

1. d4 c5 2. e3 Nf6 3. Nd2 b6 4. Bd3 Bb7 5. Ngf3 g6 6. Qe2 Bg7 7. c3 0-0 8. 0-0 Qc7 9. Ng5 d5 10. b3 e5 11. f3 cxd4 12. cxd4 exd4 13. exd4 Re8 14. Qf2 Qc3 15. Bb5 Qxa1 16. Bxe8 Nxe8 17. Qe2 Qxd4+ 18. Kh1 Nc6 19. Re1 Qe5 0-1